000 00459nam a2200157Ia 4500
999 _c19170
_d19170
003 OSt
005 20200615095344.0
008 190216s9999||||xx |||||||||||||| ||und||
040 _coclc
082 _a301.633
_bBAI/V
100 _aBailey, Ronald H
_92863
245 0 _aViolence And Aggression /
_cRonald H Bailey
260 _bTime Life Books,
_aNederland:
_c1977.
300 _a176p
942 _cBK
_2ddc
_h301.633
_iBAI/V
_k301.633
_mBAI/V